Sporclin' Through the '50s Quiz Stats

 Plays Quiz Updated Jul 31, 2018

Challenge
Share
Tweet
Score 0/36 Timer 06:00
11 Plays Today
Hint Answer % Correct
 
▼    Music    ▼
 
Elvis Presley
97.1%
Albert Einstein
96.7%
Monopoly
93.8%
 
▼    Movies    ▼
 
Singin' in the Rain
92.7%
Crayola Crayons
92.3%
Lassie
92%
Adventures of Superman
91.7%
 
▼    Television    ▼
 
Looney Tunes
90.5%
 
▼    Gaming    ▼
 
Hula Hoop
90%
I Love Lucy
86.1%
Buddy Holly
85%
 
▼    History    ▼
 
Dwight D. Eisenhower
85%
Chutes and Ladders
84%
Clue
82.5%
Ben-Hur
78.5%
Jacks
74.5%
The Ten Commandments
74.5%
Dean Martin
71.5%
Hint Answer % Correct
Rear Window
69.9%
Rosa Parks
69.3%
Rebel Without a Cause
66.9%
Chuck Berry
66.2%
The Honeymooners
65.9%
Eleanor Roosevelt
65.6%
Little Richard
65.4%
Grace Kelly
61.1%
The Bridge on the River Kwai
59.7%
Doris Day
58.8%
The Abbott and Costello Show
55.6%
Sugar Ray Robinson
50.4%
Willie Mays
42.5%
 
▼    Sports    ▼
 
Johnny Unitas
42.2%
Gordie Howe
40.4%
Jawaharlal Nehru
39%
Jim Brown
37.3%
Bill Russell
35%

You're not logged in!

Compare scores with friends on all Sporcle quizzes.
Join for Free
OR
Log In

You Might Also Like...

Show Comments

Extras

Top Quizzes Today


Score Distribution

Your Account Isn't Verified!

In order to create a playlist on Sporcle, you need to verify the email address you used during registration. Go to your Sporcle Settings to finish the process.

Report this User

Report this user for behavior that violates our Community Guidelines.

Details: